00901cam a22002655a 450000100100000000500170001000800410002702000150006802000180008304000310010108200210013210000410015324500810019425000120027526000500028730000440033750000200038165000470040165100100044865300280045870000230048694200080050999900170051795201010053400735491020180321142859.0990301t1999 maua fr 001 0 eng d a0201357488 a9780201357486 aStDuBDSdUkdEG-ScBUEbeng04222a005.133bHAN1 918083aHanly, Jeri R. 10aProblem solving and program design in C /cJeri R. Hanly, Elliot B. Koffman. a3rd ed. aReading ;aHarlow :bAddison-Wesley,cc.1999. a1 v. (various pagings) :bill. ;c24cm. aIncludes index. 7aC (Computer program language)2BUEsh93405 2BUEsh bGGENbCOMSCIcMarch20181 aKoffman, Elliot B. 2ddc c26274d26246 00102ddc4070aMAINbMAINcLOWd2018-03-11l0o005.133 HANp000046488r2025-07-15 00:00:00yBB